| 000 | 00697nam a2200241Ia 4500 | ||
|---|---|---|---|
| 003 | OSt | ||
| 005 | 20220927105212.0 | ||
| 006 | a|||||r|||| 00| 0 | ||
| 007 | ta | ||
| 008 | 220926b |||||||| |||| 00| 0 eng d | ||
| 024 | _a159527 | ||
| 037 | _cReference Collections | ||
| 040 |
_aRTL _cRTL _beng |
||
| 041 |
_2eng _aeng |
||
| 082 | _a"W,32m2,N91, N1.6" | ||
| 110 |
_aINDIA LOK SABHA (10th) _9370894 |
||
| 245 | 0 | _aLok sabha debates (English version) 2nd session | |
| 260 |
_aNew _bDelhi Lok sabha Secretariat _c1991 |
||
| 300 |
_a591p _ccm. |
||
| 700 |
_aINDIA LOK SABHA (10th) _9370895 |
||
| 942 |
_h"W,32m2,N91, N1.6" _cCC |
||
| 999 |
_c691153 _d691153 |
||